| 000 | 01829nam0a2200337 4500 | ||
|---|---|---|---|
| 001 | RU\NLR\BIBL_A\010566952 | ||
| 005 | 201508050503 | ||
| 010 |
_a978-5-903966-35-6 _9800 |
||
| 021 |
_aRU _b2014-79497 _94853 |
||
| 035 | _a(NLR Aleph) 010566952 | ||
| 035 | _a(NILC)RuMoRGB-007570698 | ||
| 090 |
_a10407713 _c10407713 |
||
| 100 | _a20141216d2014 u y0rusy50 ca | ||
| 101 | 0 | _arus | |
| 102 | _aRU | ||
| 105 | _ac|||z|||000yd | ||
| 200 | 1 |
_aЗнаменитости в Челябинске _eговорят, что здесь бывали… _e[очерки] _fВладимир Боже, Екатерина Боже |
|
| 210 |
_aЧелябинск _cИзд-во Игоря Розина _d2014 |
||
| 215 |
_a240, [1] с. _cил., портр. _d21 |
||
| 225 | 1 |
_aКультурные ландшафты Урала _iПерекрестки судеб _fред. совет: Владимир Рушанин (пред.) [и др.] |
|
| 327 | 0 | _aСодерж.: о К. Бальмонте, А. Вертинском, А. Вяльцевой, Л. Кагановиче, А. Керенском, В. Козине, В. Комиссаржевской, М. Ладыниной, В. Мессинге, Л. Орловой [и др.] | |
| 606 | 1 |
_aИскусство русское _yЧелябинск, город _z20 в. _92241961 _3RU\NLR\AUTH\6601576542 |
|
| 686 | 1 | _aЩ03(2Р=Рус)7-692Челябинск | |
| 700 | 1 |
_7ca _8rus _aБоже _bВ. С. _f1956- _gВладимир Стейгонович _9114655 _3RU\NLR\AUTH\774678 |
|
| 701 | 1 |
_7ca _8rus _aБоже _bЕ. В. _gЕкатерина Владимировна _92706841 _3RU\NLR\AUTH\770292890 |
|
| 801 | 0 |
_aRU _bРГБ _c20141021 _gRCR |
|
| 942 | _cBOOK | ||
| 980 | _aNBR | ||
| 980 | _aNB | ||